| 000 | 00701nam a2200229 4500 | ||
|---|---|---|---|
| 001 | 76047 | ||
| 003 | BD-RjUL | ||
| 005 | 20211209082800.0 | ||
| 008 | 191016s2011 bg ||||| |||| 00| 0 eng d | ||
| 020 | _a9847035000856 | ||
| 035 | _a(BD-RjUL) | ||
| 040 |
_aBD-RjUL _beng _cBD-RjUL _dBD-RjUL |
||
| 041 | _aeng | ||
| 082 |
_223 _a915.8 _bJAI 2011 |
||
| 100 | 1 |
_aJagirdar, Obaid _9109873 |
|
| 245 | 1 | 0 |
_aIn Quest of Freedom: _bCentral Asia / _cObaid Jagirdar ; transcribed by Faruk Aziz Khan |
| 260 |
_aDhaka: _bRamon Publishers, _c2011 |
||
| 300 |
_a80 p. ; _c22 cm |
||
| 650 |
_aAsia, Central -- Description and travel. _9233767 |
||
| 700 |
_aKhan, Faruk Aziz , transcriber _9233768 |
||
| 942 |
_2ddc _cBK |
||
| 999 |
_c76047 _d76047 |
||